Výsledky konjunkturálneho prieskumu vo vnútornom obchode - 2/1998

Uložené v:
Podrobná bibliografia
Médium: Kniha
Jazyk:Slovak
Vydavateľské údaje: Bratislava Štatistický úrad Slovenskej republiky 1998
Edícia:Konjunkturálne prieskumy
Predmet:
Tagy: Pridať tag
Žiadne tagy, Buďte prvý, kto otaguje tento záznam!

MARC

LEADER 00000nam a2200000 4500
001 c100397
005 20260223100453.4
041 0 |a slo 
044 |a SK 
245 1 0 |a Výsledky konjunkturálneho prieskumu vo vnútornom obchode - 2/1998 
264 1 |a Bratislava  |b Štatistický úrad Slovenskej republiky  |c 1998 
300 |a 5 s. 
490 1 |a Konjunkturálne prieskumy 
830 0 |a Konjunkturálne prieskumy 
610 2 0 |a Slovensko 
610 2 0 |a obchod vnútorný